Maritime Piracy / (Record no. 17201)
[ view plain ]
| 000 -LEADER | |
|---|---|
| fixed length control field | 01165cam a2200265 a 4500 |
| 001 - CONTROL NUMBER | |
| control field | 17015184 |
| 005 - DATE AND TIME OF LATEST TRANSACTION | |
| control field | 20130131160641.0 |
| 008 - FIXED-LENGTH DATA ELEMENTS--GENERAL INFORMATION | |
| fixed length control field | 111021s2012 nyuab b 001 0 eng |
| 020 ## - INTERNATIONAL STANDARD BOOK NUMBER | |
| International Standard Book Number | 9780415781978 (hbk) |
| 020 ## - INTERNATIONAL STANDARD BOOK NUMBER | |
| International Standard Book Number | 9780415781985 (pbk) |
| 020 ## - INTERNATIONAL STANDARD BOOK NUMBER | |
| International Standard Book Number | 9780203144817 (ebk) |
| 082 00 - DEWEY DECIMAL CLASSIFICATION NUMBER | |
| Classification number | 364.164 |
| Edition number | 23 |
| Item number | HAY |
| 100 1# - MAIN ENTRY--PERSONAL NAME | |
| Personal name | Haywood, Robert. |
| 9 (RLIN) | 32278 |
| 245 10 - TITLE STATEMENT | |
| Title | Maritime Piracy / |
| Statement of responsibility, etc | Robert Haywood and Roberta Spivak. |
| 260 ## - PUBLICATION, DISTRIBUTION, ETC. (IMPRINT) | |
| Place of publication, distribution, etc | Abington, Oxon ; |
| -- | New York, NY : |
| Name of publisher, distributor, etc | Routledge, |
| Date of publication, distribution, etc | 2012. |
| 300 ## - PHYSICAL DESCRIPTION | |
| Extent | xxiii, 156 p. : |
| Other physical details | ill., maps ; |
| Dimensions | 23 cm. |
| 490 0# - Series Statement | |
| Series statement | Routledge global institutions series ; v. 63 |
| 504 ## - BIBLIOGRAPHY, ETC. NOTE | |
| Bibliography, etc | Includes bibliographical references (p.[145]-146) and index. |
| 505 0# - FORMATTED CONTENTS NOTE | |
| Formatted contents note | Piracy, the nature of the problem -- History -- The nuts and bolts of twenty-first century maritime governance relevant to combating piracy -- Evolving norms and conventions -- Current debates -- Key gaps and criticisms -- Emerging trends and future directions |
| 650 #0 - SUBJECT ADDED ENTRY--TOPICAL TERM | |
| Topical term or geographic name as entry element | Piracy (International law) |
| 9 (RLIN) | 32279 |
| 650 #0 - SUBJECT ADDED ENTRY--TOPICAL TERM | |
| Topical term or geographic name as entry element | Piracy |
| General subdivision | Prevention |
| -- | International cooperation. |
| 9 (RLIN) | 32280 |
| 653 ## - INDEX TERM--UNCONTROLLED | |
| Resource For college | |
| Arrived date list | January2013 |
| 700 1# - ADDED ENTRY--PERSONAL NAME | |
| Personal name | Spivak, Roberta. |
| 9 (RLIN) | 32281 |
| 942 ## - ADDED ENTRY ELEMENTS (KOHA) | |
| Source of classification or shelving scheme | Dewey Decimal Classification |
| Item type | Book - Borrowing |
| Withdrawn status | Item status | Source of classification or shelving scheme | Damaged status | Not for loan | Vendor | Home library | Current library | Shelving location | Date acquired | Source of acquisition | Cost, normal purchase price | Serial Enumeration / chronology | Total Checkouts | Total Renewals | Full call number | Barcode | Date last seen | Date last borrowed | Koha item type |
|---|---|---|---|---|---|---|---|---|---|---|---|---|---|---|---|---|---|---|---|
| Dewey Decimal Classification | THe Middle East Observer | Central Library | Central Library | First floor | 31/01/2013 | 179.00 | 001341 | 1 | 10 | 364.164 HAY | 000027964 | 15/07/2025 | 07/02/2017 | Book - Borrowing |